Statistics for Business and Economics (Record no. 1344)

MARC details
000 -LEADER
fixed length control field 00432nam a22001697a 4500
005 - DATE AND TIME OF LATEST TRANSACTION
control field 20180530112149.0
008 - FIXED-LENGTH DATA ELEMENTS--GENERAL INFORMATION
fixed length control field 160521b xxu||||| |||| 00| 0 eng d
020 ## - INTERNATIONAL STANDARD BOOK NUMBER
ISBN 8125904152
041 ## - LANGUAGE CODE
Language code of text/sound track or separate title eng
082 ## - DEWEY DECIMAL CLASSIFICATION NUMBER
Item number 3935
Classification number 519.5
100 ## - MAIN ENTRY--AUTHOR NAME
Personal name Chandan, Jit S.
245 ## - TITLE STATEMENT
Title Statistics for Business and Economics
260 ## - PUBLICATION, DISTRIBUTION, ETC. (IMPRINT)
Place of publication New Delhi
Name of publisher Vikas Publishing House (P) Ltd.
300 ## - PHYSICAL DESCRIPTION
Number of Pages 624
650 ## - SUBJECT ADDED ENTRY--TOPICAL TERM
Topical Term Management
942 ## - ADDED ENTRY ELEMENTS (KOHA)
Koha item type Books
Holdings
Lost status Damaged status Collection code Home library Current library Shelving location Date acquired Cost, normal purchase price Full call number Accession Number Koha item type
    MANAGEMENT JRU Library JRU Library SHELF-74-G 21/05/2016 250.00 519.5 3935 Books
    MANAGEMENT JRU Library JRU Library SHELF-74-G 21/05/2016 250.00 519.5 3936 Books
    MANAGEMENT JRU Library JRU Library SHELF-74-G 21/05/2016 250.00 519.5 3937 Books
    MANAGEMENT JRU Library JRU Library SHELF-74-G 21/05/2016 250.00 519.5 3938 Books
    MANAGEMENT JRU Library JRU Library SHELF-74-G 21/05/2016 250.00 519.5 3939 Books